One Word, Two Definitions Quiz Stats

Quiz Updated Apr 3, 2015

Challenge
Share
Tweet
Embed
Score 0/38 Timer 07:00
2 Plays Today
% Correct
Principal
93.3%
Pupil
93.3%
Pitcher
92.6%
Drawers
92.5%
Season
92.2%
Swallow
92%
Discount
91.8%
Reserve
91.6%
Desert
91.5%
Grave
91.3%
Flounder
91.2%
Evening
91.1%
Receiver
91%
Colon
90.6%
Lumber
89.9%
Coordinates
89.9%
Retreat
89.8%
Capital
89.8%
Contraction
89.7%
% Correct
Associate
89.4%
Entrance
88.5%
Converse
88.4%
Refuse
88.3%
Period
88.2%
Proceeds
88%
Address
87.7%
Combat
87.6%
Moderate
87.4%
Flatter
87.1%
Present
86.8%
Abstract
86.8%
Pontificate
86.6%
Invalid
86.4%
Impress
85.1%
Current
82.9%
Precedent
82.2%
Number
77%
Supply
75.5%

You're not logged in!

Compare scores with friends on all Sporcle quizzes.
Join for Free
OR
Log In

You Might Also Like...

Show Comments

Extras

Top Quizzes Today


Score Distribution

Your Account Isn't Verified!

In order to create a playlist on Sporcle, you need to verify the email address you used during registration. Go to your Sporcle Settings to finish the process.

Report this User

Report this user for behavior that violates our Community Guidelines.

Details: